Faculty of Law Library — Cairo University

Official Online Catalog

Le Rayonnement International De La Jurisprudence De La Cour Européenne Des Droits De L'homme / (Record no. 64557)

MARC details
000 -LEADER
fixed length control field 01064nam a2200313 i 4500
003 - CONTROL NUMBER IDENTIFIER
control field EG-GICUC
005 - DATE AND TIME OF LATEST TRANSACTION
control field 20260302061436.0
008 - FIXED-LENGTH DATA ELEMENTS--GENERAL INFORMATION
fixed length control field 260302s2005 sz ||||fr|||| 00| 0 fre d
020 ## - INTERNATIONAL STANDARD BOOK NUMBER
International Standard Book Number 2802720945
040 ## - CATALOGING SOURCE
Original cataloging agency EG-GiCUC
Language of cataloging fre
Transcribing agency EG-GiCUC
Modifying agency EG-GiCUC
Description conventions Rda
082 04 - DEWEY DECIMAL CLASSIFICATION NUMBER
Edition number 21
Classification number 341.48
Item number RA
092 04 - LOCALLY ASSIGNED DEWEY CALL NUMBER (OCLC)
Edition number 21
099 ## - LOCAL FREE-TEXT CALL NUMBER (OCLC)
Classification number Law1 11 341.48 RA 2005
245 13 - TITLE STATEMENT
Title Le Rayonnement International De La Jurisprudence De La Cour Européenne Des Droits De L'homme /
Remainder of title
Statement of responsibility, etc. Gérard Cohen-jonathan, Jean-françois Flauss.
Number of part/section of a work
264 #1 - PRODUCTION, PUBLICATION, DISTRIBUTION, MANUFACTURE, AND COPYRIGHT NOTICE
Place of production, publication, distribution, manufacture Bruxelles :
Name of producer, publisher, distributor, manufacturer Nemesis,
Date of production, publication, distribution, manufacture, or copyright notice 2005.
300 ## - PHYSICAL DESCRIPTION
Extent 276page :
Other physical details illustration ;
Dimensions 24 cm.
336 ## - CONTENT TYPE
Source rda contenu
Content type term texte
337 ## - MEDIA TYPE
Source rda medias
Media type term Ordinateur
338 ## - CARRIER TYPE
Source transporteur rda
Carrier type term Ressource en ligne
504 ## - BIBLIOGRAPHY, ETC. NOTE
Bibliography, etc. note
546 ## - LANGUAGE NOTE
Language note Texte en français
650 14 - SUBJECT ADDED ENTRY--TOPICAL TERM
Topical term or geographic name entry element Droit international public
Source of heading or term
651 1# - SUBJECT ADDED ENTRY--GEOGRAPHIC NAME
Source of heading or term
700 1# - ADDED ENTRY--PERSONAL NAME
Personal name Cohen-jonathan, Gérard
Relator term Éditeur
700 1# - ADDED ENTRY--PERSONAL NAME
Personal name Flauss, Jean-françois
Relator term Éditeur
856 40 - ELECTRONIC LOCATION AND ACCESS
Uniform Resource Identifier <a href="https://fll.law.cu.edu.eg/fulltext/bks/B11-08813.pdf">https://fll.law.cu.edu.eg/fulltext/bks/B11-08813.pdf</a>
905 ## - Cataloger and Reviser Names
Cataloger Name: Dina
942 ## - ADDED ENTRY ELEMENTS (KOHA)
Source of classification or shelving scheme Dewey Decimal Classification
Koha item type Books
Edition 21
Suppress in OPAC No
Holdings
Withdrawn status Lost status Source of classification or shelving scheme Damaged status Not for loan Collection Home library Current library Date acquired Total checkouts Full call number Barcode Date last seen Copy number Price effective from Koha item type
    Dewey Decimal Classification   Not for loan القانون الدولي العام جــــامعة القــاهرة مكتبة كلية الحقوق - المبنى الرئيسي 02.03.2026   Law1 11 341.48 RA 2005 1108813 C1 B11-08813 02.03.2026 1 02.03.2026 Books

© All rights reserved — Faculty of Law, Cairo University